Vista normal
Vista MARC
Entrada Personal Name
Número de registros utilizados en: 1
001 - CONTROL NUMBER
- control field: 68700
003 - CONTROL NUMBER IDENTIFIER
- control field: OSt
005 - DATE AND TIME OF LATEST TRANSACTION
- control field: 20260209140343.0
008 - FIXED-LENGTH DATA ELEMENTS
- fixed length control field: 260209|| aca||aabn | a|a d
040 ## - CATALOGING SOURCE
- Original cataloging agency: OSt
- Transcribing agency: OSt
100 ## - HEADING--PERSONAL NAME
- Personal name: Prado, Benjamín
670 ## - SOURCE DATA FOUND
- Source citation: Work cat.: (OSt)60441: Dickens, Charles 1812-1870 aut 732, Canción de navidad y otros relatos /